[Event "IECC CL4-2003.17 email"]
[Site "IECC email"]
[Date "2003.08.03"]
[Round "?"]
[White "Evans, Craig"]
[Black "Markus, Csaba"]
[Result "1-0"]
[WhiteElo "1880"]
[BlackElo "1712"]
[PlyCount "57"]
[EventDate "2003.??.??"]
[EventType "tourn (corr)"]
[EventRounds "4"]
[SourceTitle "Corr 2008"]
[Source "ChessBase"]
[SourceDate "2008.06.24"]
[SourceVersion "1"]
[SourceVersionDate "2008.06.24"]
[SourceQuality "1"]

1. e4 c5 2. Nf3 Nc6 3. Bb5 g6 4. c3 a6 5. Ba4 b5 6. Bc2 e5 7. d4 cxd4 8. cxd4 exd4 9. Nxd4 Bb7 10. Be3 Bg7 11. Nc3 Nge7 12. 0-0 0-0 13. f4 d5 14. e5 Qc7 15. Nce2 Qd7 16. Rc1 f5 17. Nb3 Rfd8 18. Bb6 Kh8 19. Nc5 Qc8 20. Bb3 Rb8 21. Bxd8 Qxd8 22. Rf2 Na5 23. Ne6 Qb6 24. Nxg7 Nxb3 25. axb3 Kxg7 26. Qd4 Qxd4 27. Nxd4 Rc8 28. Rfc2 Rxc2 29. Rxc2 1-0

[Event "IECC KO email"]
[Site "IECC email"]
[Date "2003.02.28"]
[Round "?"]
[White "Van Nierop, Arie"]
[Black "Markus, Csaba"]
[Result "1-0"]
[WhiteElo "1889"]
[BlackElo "1720"]
[PlyCount "65"]
[EventDate "2003.??.??"]
[EventType "tourn (corr)"]
[EventRounds "6"]
[SourceTitle "Corr 2008"]
[Source "ChessBase"]
[SourceDate "2008.06.24"]
[SourceVersion "1"]
[SourceVersionDate "2008.06.24"]
[SourceQuality "1"]

1. e4 c5 2. Nf3 Nc6 3. d4 cxd4 4. Nxd4 Nf6 5. Nc3 d6 6. Bb5 Bd7 7. 0-0 e6 8. Be3 Be7 9. f4 0-0 10. Be2 a6 11. Bf3 Qc7 12. Qd2 Rab8 13. Qf2 b5 14. a3 Na5 15. Bc1 Nc4 16. Nde2 e5 17. b3 Nb6 18. Be3 Rfc8 19. h3 Bc6 20. g4 Nfd7 21. Bg2 f6 22. Rac1 Ba8 23. Nd5 Nxd5 24. exd5 Bb7 25. Be4 Qa5 26. fxe5 dxe5 27. Qf5 Nf8 28. d6 Bxe4 29. Qxe4 Qxa3 30. dxe7 Qxe7 31. Nf4 Re8 32. Nd5 Qb7 33. c4 1-0